Možnosti diverzifikácie rizika portfólia bakalárska práca

Na minha lista:
Detalhes bibliográficos
Autor principal: Martuliak, Igor
Autor Corporativo: Národohospodárska fakulta EU. Katedra bankovníctva a medzinárodných financií
Outros Autores: Tabaček, Jakub, 1991-
Formato: Livro
Idioma:eslovaco
Publicado em: Bratislava 2023
Tags: Adicionar Tag
Sem tags, seja o primeiro a adicionar uma tag!

MARC

LEADER 00000nbm a2200000 4500
001 0294680
005 20231025081808.4
041 0 |a slo 
044 |a SK 
245 1 0 |a Možnosti diverzifikácie rizika portfólia  |b bakalárska práca  |c Igor Martuliak ; školiteľ: Jakub Tabaček 
264 1 |a Bratislava  |c 2023 
300 |a 53 s. 
100 1 |a Martuliak, Igor 
700 1 |a Tabaček, Jakub, 1991- 
710 2 |a Národohospodárska fakulta EU. Katedra bankovníctva a medzinárodných financií